Normal view
MARC view
Entry Personal Name
001 - CONTROL NUMBER
- control field: 17059
003 - CONTROL NUMBER IDENTIFIER
- control field: ARRUPE
005 - DATE AND TIME OF LATEST TRANSACTION
- control field: 20150409164942.0
008 - FIXED-LENGTH DATA ELEMENTS
- fixed length control field: 150409|| aca||aabn | a|a d
040 ## - CATALOGING SOURCE
- Original cataloging agency: ARRUPE
- Transcribing agency: ARRUPE
100 ## - HEADING--PERSONAL NAME
- Personal name: Ogbenika, G.E.
670 ## - SOURCE DATA FOUND
- Source citation: Work cat.: (ARRUPE): Ogbenika, G.E., Democracy and development in the socio-political philosophy of kwasi wiredu , 2008